| 000 | 01113nam a2200289 i 4500 | ||
|---|---|---|---|
| 001 | bg | ||
| 100 | 1 | _aBARTULEWICZ, Jarosław | |
| 245 | 0 | 0 |
_aPobieranie i przygotowanie próbek do analizy zanieczyszczeń organicznych metodami chromatografii : _bwoda, powietrze / _czespół aut. Jarosław Bartulewicz, Janusz Gawłowski, Ewa Bartulewicz. |
| 260 |
_aWarszawa : _bPIOŚ, _c1997. |
||
| 300 |
_a132 s. : _brys., wykr. ; _c24 cm. |
||
| 490 | 1 | _aBiblioteka Monitoringu Środowiska / Państwowa Inspekcja Ochrony Środowiska | |
| 504 | _aBibliogr. s.130-132. | ||
| 650 | 9 |
_aChromatografia _xstosowanie |
|
| 650 | 9 |
_aWoda _xchemia _xbadanie _xmetody |
|
| 650 | 9 |
_aPowietrze _xchemia _xbadanie _xmetody |
|
| 700 | 1 | _aGAWŁOWSKI, Janusz | |
| 700 | 1 | _aBARTULEWICZ, Ewa | |
| 710 | 0 | _aPAŃSTWOWA INSPEKCJA OCHRONY ŚRODOWISKA (Warszawa) | |
| 830 | 0 | _aBiblioteka Monitoringu Środowiska (Państwowa Inspekcja Ochrony Środowiska) | |
| 020 | _a8372170010 | ||
| 040 | _cBPK | ||
| 041 | 0 | _apl | |
| 080 | _a543.5:504.3/.4.054 | ||
| 920 | _a83-7217-001-0 | ||
| 942 | _cKS | ||
| 008 | s pl f |000 0 pol | ||
| 999 |
_c32896 _d32896 |
||
| 856 |
_uhttp://koha.tu.koszalin.pl/cgi-bin/koha/opac-detail.pl?biblionumber=32896 _yKatalog online BPK |
||